| 000 | 00713nam a22002532 4500 | ||
|---|---|---|---|
| 001 | 74919 | ||
| 003 | BD-RjUL | ||
| 005 | 20211209082624.0 | ||
| 008 | 181222s1951 enka 000 0 eng d | ||
| 035 | _aOCLC ocm19581236 from D971205M | ||
| 035 | _a(BD-RjUL)75137 | ||
| 040 |
_aVLC _cVLC _dUKM _dEQO _dBD-RjUL _beng |
||
| 041 | _aeng | ||
| 082 | 0 | 4 |
_223 _a635 _bJOS 1951 |
| 100 | 1 |
_aJohnstone, Mary A. _9226271 |
|
| 245 | 1 | 0 | _aScience in the school garden. |
| 260 |
_aLondon : _bMacmillan, _c1951. |
||
| 300 |
_axiv, 176 p. _billus. _c19 cm. |
||
| 650 | 0 |
_aHorticulture _9226272 |
|
| 650 | 0 |
_aSchool gardens _9226273 |
|
| 650 | 0 |
_aScience _xStudy and teaching. _9226274 |
|
| 942 |
_2ddc _cBK |
||
| 999 |
_c74919 _d74919 |
||